Szczegóły MARC21

Hidden heroism : black soldiers in America's wars /

003 -Nazwa inst., której nr kontr. jest w polu 001 [,]
    • @
    • Nazwa instytucji, której n kontrolny jest w polu 001
    • NUKAT
005 -DATA I CZAS OSTATNIEJ MODYFIKACJI [,]
    • @
    • pole kontrolne
    • 20241231091700.0
020 -Międzynarod. znormalizowany nr książki - ISBN [ , ]
    • a
    • Numer ISBN
    • 081334025X Find
040 -Instytucja sporządzająca opis [ , ]
    • a
    • Instytucja, która sporządziła opis (NP)
    • SZCZ U/JS
    • b
    • Język katalogowania
    • pol
    • e
    • Zasady katalogowania
    • rda
    • c
    • Instytucja, która sporządziła rekord (NP)
    • SZCZ U/JSs
942 -Rodzaj dokumentu [ , ]
    • c
    • Rodzaj dokumentu
    • Książka
100 -Hasło główne - nazwa osobowa [1, ]
    • a
    • Nazwa osobowa (NP)
    • Edgerton, Robert B.
    • d
    • Daty biograficzne (NP)
    • (1931- ).
    • e
    • Rodzaj współpracy
    • Autor
    • 9
    • KHW
    • 686359
245 -Strefa tytułu i oznaczenia odpowiedzialności [1,0]
    • a
    • Tytuł
    • Hidden heroism : Find
    • b
    • Ciąg dalszy tytułu (NP)
    • black soldiers in America's wars / Find
    • c
    • Pozostałe elementy strefy tytułu i oznaczenia odpowiedzialności (NP)
    • Robert B. Edgerton.
260 -Strefa adresu wydawniczego [ , ]
    • a
    • Miejsce wydania (P)
    • Boulder :
    • b
    • Nazwa wydawcy (P)
    • Westview Press a member of the Perseus Book Group,
    • c
    • Data wydania (P)
    • 2002.
300 -Strefa opisu fizycznego [ , ]
    • a
    • Określenie formy książki i/lub objętość (NP)
    • VIII, 271 stron, [16] stron tablic ;
    • c
    • Format (NP)
    • 23 cm.
336 -Typ zawartości [ , ]
    • a
    • Termin opisujący typ zawartości
    • Tekst
    • b
    • Kod określający zawartość
    • txt
    • 2
    • Źródło (terminu i kodu)
    • rdacontent
337 -Typ mediów [ , ]
    • a
    • Tryb odtwarzania
    • Bez urządzenia pośredniczącego
    • b
    • Kod typu mediów
    • n
    • 2
    • Źródło (terminu i kodu)
    • rdamedia
338 -Typ/rodzaj nośnika [ , ]
    • a
    • Hasło opisujące typ nośnika
    • Wolumin
    • b
    • Kod typu nośnika
    • nc
    • 2
    • Źródło (terminu i kodu)
    • rdacarrier
380 -Deskryptor - Forma dzieła (P) [ , ]
    • a
    • forma dzieła (NP)
    • Książki
380 -Deskryptor - Forma dzieła (P) [ , ]
    • a
    • forma dzieła (NP)
    • Publikacje naukowe
388 -Deskryptor - czas powstania dzieła (P) [1, ]
    • a
    • Czas powstania dzieła (NP)
    • 2001-
504 -Uwaga dot. bibliogr. załącznikowej [ , ]
    • a
    • Uwaga dot. bibliografii załącznikowej
    • Bibliografia na stronach 245-260. Indeks.
080 -Uniwersalna Klasyfikacja Dziesiętna [ , ]
    • 2
    • Identyfikator wydania tablic
    • UDC-P058
    • a
    • Symbol klasyfikacji
    • 929-052
    • b
    • Dopowiedzenie
    • Biografie zbiorowe.
    • x
    • Poddział wspólny
    • (73)
    • b
    • Dopowiedzenie
    • (Stany Zjednoczone Ameryki Północnej. USA)
    • x
    • Poddział wspólny
    • (=414/=45)
    • b
    • Dopowiedzenie
    • (=Rasa czarna)
    • x
    • Poddział wspólny
    • =111
    • b
    • Dopowiedzenie
    • =Język angielski.
080 -Uniwersalna Klasyfikacja Dziesiętna [ , ]
    • 2
    • Identyfikator wydania tablic
    • UDC-P058
    • a
    • Symbol klasyfikacji
    • 355.1
    • b
    • Dopowiedzenie
    • Siły zbrojne ogólnie. Wojsko. Życie wojskowe.
    • x
    • Poddział wspólny
    • (73)
    • b
    • Dopowiedzenie
    • (Stany Zjednoczone Ameryki Północnej. USA)
    • x
    • Poddział wspólny
    • (=414/=45)
    • b
    • Dopowiedzenie
    • (=Rasa czarna)
    • x
    • Poddział wspólny
    • (091)
    • b
    • Dopowiedzenie
    • (Opracowanie historyczne).
    • x
    • Poddział wspólny
    • =111
    • b
    • Dopowiedzenie
    • =Język angielski.
080 -Uniwersalna Klasyfikacja Dziesiętna [ , ]
    • 2
    • Identyfikator wydania tablic
    • UDC-P058
    • a
    • Symbol klasyfikacji
    • 94(73)
    • b
    • Dopowiedzenie
    • Historia. Stany Zjednoczone Ameryki Północnej.
    • x
    • Poddział wspólny
    • (=414/=45)
    • b
    • Dopowiedzenie
    • (=Rasa czarna)
    • x
    • Poddział wspólny
    • =111
    • b
    • Dopowiedzenie
    • =Język angielski.
650 -Hasło przedmiotowe [ ,7]
    • a
    • Hasło przedmiotowe
    • Wojskowi Czarni Amerykanie.
    • 2
    • Źródło terminu
    • kaba
    • 9
    • KHW
    • 192348
651 -Hasło przedmiotowe w formie nazwy geograficznej [ ,7]
    • a
    • Nazwa geograficzna
    • Stany Zjednoczone
    • x
    • Określnik rzeczowy
    • historia wojskowa.
    • 2
    • Źródło terminu
    • kaba
    • 9
    • KHW
    • 130902
980 -Symbol UKD [ , ]
    • a
    • UKD
    • 929-052:355.1(091)](73):94(73)](=414/45)=111
710 -Hasło dodatkowe - nazwa ciała zbiorowego [2, ]
    • a
    • Nazwa ciała zbiorowego lub nazwa geograficzna jako pierwszy element (NP)
    • Perseus Books Group.
    • e
    • Rodzaj współpracy
    • Wydawca
    • 4
    • Kod relacji
    • pbl
    • 9
    • KHW
    • 642065
920 -ISBN [ , ]
    • a
    • ISBN
    • 0-8133-4025-X Find
Status udost. Sygnatura Data inwentaryzacji Lokalizacja Numer inwentarzowy
1ANG. Kultura Stanów Zjedn. 0742009-06-03BMA.8431